<?xml version="1.0" encoding="UTF-8"?>
<marc:record xmlns:marc="http://www.loc.gov/MARC21/slim">
   <marc:leader>00000nam a2200000 a 4500</marc:leader>
   <marc:datafield ind1="1" ind2=" " tag="100">
      <marc:subfield code="a">Krabbe, Wiebke</marc:subfield>
   </marc:datafield>
   <marc:datafield ind1=" " ind2=" " tag="653">
      <marc:subfield code="a">Kochbuch</marc:subfield>
   </marc:datafield>
   <marc:datafield ind1=" " ind2=" " tag="653">
      <marc:subfield code="a">Airfryer</marc:subfield>
   </marc:datafield>
   <marc:datafield ind1="0" ind2="0" tag="245">
      <marc:subfield code="a">Das ultimative Airfryer Kochbuch</marc:subfield>
   </marc:datafield>
   <marc:datafield ind1="0" ind2="0" tag="245">
      <marc:subfield code="b">über 100 easy Rezepte, die Zeit, Fett und Energie sparen</marc:subfield>
   </marc:datafield>
   <marc:datafield ind1=" " ind2="1" tag="264">
      <marc:subfield code="a">München</marc:subfield>
      <marc:subfield code="b">DK</marc:subfield>
      <marc:subfield code="c">2024</marc:subfield>
   </marc:datafield>
   <marc:datafield ind1="1" ind2=" " tag="520">
      <marc:subfield code="a">An den Airfryer, fertig, los!&#xD;
Voll im Trend: Immer mehr Haushalte besitzen eine Heißluftfritteuse. Wer sofort an knusprige Pommes und krosse Rippchen denkt, weiß nicht, dass dieses Gerät viel mehr kann. „Das ultimative Airfryer-Kochbuch“ enthält über 100 Rezepte für die ganze Familie — von beliebten Klassikern bis zu kreativen Köstlichkeiten. Ob kleine Gerichte, Hauptspeisen oder Gebäck: Im Airfryer lässt sich nahezu alles zubereiten. Und das Beste: Die Heißluftfritteuse spart jede Menge Fett, Öl, Energie und Zeit!&#xD;
&#xD;
Schnelle Küche aus der Heißluftfritteuse&#xD;
• Fettreduziert und energiesparend: Der Airfryer ist das perfekte Gerät für eine schnelle, nachhaltige und energiesparende Küche.&#xD;
• Kinderleicht fettarm kochen: Ob Snacks, Beilagen oder Hauptmahlzeiten – bei den über 100 Rezepten ist für jeden Anlass etwas dabei!&#xD;
• Das ideale Kochbuch für alle, die gesundheitsbewusst genießen möchten&#xD;
• Leckeres für die ganze Familie: Die Rezepte im Buch sind auf mittelgroße Geräte für eine vierköpfige Familie zugeschnitten.&#xD;
• Gut für den Geldbeutel: Der Airfryer verbraucht deutlich weniger Strom als ein Backofen und ist außerdem schneller bei der Zubereitung.&#xD;
&#xD;
Kochen mit dem Airfryer – lecker und gesund!&#xD;
Ob schnelle und unkomplizierte Alltagsgerichte oder besondere Leckereien für Gäste – das ultimative Airfryer Kochbuch enthält über 100 leckere Rezepte für eine gesunde und fettreduzierte Küche. Ob Snacks wie Zucchini-Bällchen, Lieblingsessen wie Brathähnchen oder Süßes wie Zitronentarte, alles gelingt ganz schnell und einfach. Und das alles mit weniger Fett, weniger Strom und in kürzerer Zeit!&#xD;
&#xD;
Multitalent Airfryer: Das ideale Kochbuch für die schnelle, moderne Küche – gesund, energiesparend und fettreduziert!</marc:subfield>
   </marc:datafield>
   <marc:datafield ind1=" " ind2=" " tag="020">
      <marc:subfield code="a">9783831048656</marc:subfield>
      <marc:subfield code="9">9783831048656</marc:subfield>
   </marc:datafield>
   <marc:datafield ind1=" " ind2=" " tag="020">
      <marc:subfield code="a">3831048657</marc:subfield>
      <marc:subfield code="9">3831048657</marc:subfield>
   </marc:datafield>
   <marc:datafield ind1=" " ind2=" " tag="041">
      <marc:subfield code="a">ger</marc:subfield>
   </marc:datafield>
   <marc:datafield ind1=" " ind2=" " tag="300">
      <marc:subfield code="b">Illustrationen</marc:subfield>
   </marc:datafield>
   <marc:datafield ind1=" " ind2=" " tag="338">
      <marc:subfield code="a">Band</marc:subfield>
   </marc:datafield>
   <marc:datafield ind1=" " ind2=" " tag="300">
      <marc:subfield code="a">223 Seiten</marc:subfield>
   </marc:datafield>
</marc:record>
